03079nam a22005055i 4500999001700000001001000017003000900027005001700036008004100053020002500094020002200119040005500141082002100196100004500217245015300262250002100415250002000436264005800456264001000514300004800524336002600572337002800598338002700626500002700653500008400680504005200764650006500816650003800881650003200919651001000951653004000961700003701001856007301038942001201111952013101123952013701254952013701391952014801528952014801676952014901824952013601973952014802109952016902257952014702426 c18415d18387016319192EG-ScBUE20210121124456.0130502t20142014enka f bd 001 0 eng d a9780273786979 (pbk.) a0273786970 (pbk.) aStDuBDSbengerdacStDuBDSdUkdEG-ScBUEdEG-ScBUE04a658.049bWIL2221 aWild, John J., eauthor.9450610aInternational business :bthe challenges of globalization /cJohn J. Wild, University of Wisconsin, Madison, Kenneth L. Wild, University of London,  aSeventh edition. aGlobal edition. 1aHarlow, England :bPearson Education Limited,c[2014] 4cc2014 a473 pages :billustrations (color) ;c28 cm atextbtxt2rdacontent aunmediatedbn2rdamedia avolumebnc2rdacarrier aGlossary : p. 443-450. aStudent access code inside : my management lab ; ISBN 0273787241-9780273787242. aIncludes bibliographical references and index.  7aInternational business enterprisesxManagement.945072BUEsh 7aInternational trade.2BUEsh94508 7aGlobalization.2BUEsh92820 2BUEsh bBUSADMcSeptember2014cDecember20161 aWild, Kenneth L.,eauthor.94509423Student access codeuhttps://mlm.pearson.com/global/mymanagementlab/ 2ddccBB 00102ddc40708BaccahaMAINbMAINc1STd2014-09-28epurchasel0o658.049 WILp000036400r2025-07-15 00:00:00w2014-09-28yNB 00102ddc40708BaccahaMAINbMAINc1STd2014-09-28epurchasel15m125o658.049 WILp000036402r2025-07-15 00:00:00s2019-07-15yBB 00102ddc40708BaccahaMAINbMAINc1STd2014-09-28epurchasel13m102o658.049 WILp000036403r2025-07-15 00:00:00s2019-10-09yBB 00102ddc40708BaccahaMAINbMAINc1STd2014-09-28epurchasel22m84o658.049 WILp000036404r2025-07-15 00:00:00s2020-11-11w2014-09-28yBB 00102ddc40708BaccahaMAINbMAINc1STd2014-09-28epurchasel14m93o658.049 WILp000036405r2025-07-15 00:00:00s2019-10-07w2014-09-28yBB 00102ddc40708BaccahaMAINbMAINc1STd2014-09-28epurchasel15m107o658.049 WILp000036406r2025-07-15 00:00:00s2019-12-26w2014-09-28yBB 00102ddc40708BaccahaMAINbMAINc1STd2014-09-28epurchasel13m80o658.049 WILp000036407r2025-07-15 00:00:00s2019-10-07yBB 00102ddc40708BaccahaMAINbMAINc1STd2014-09-28epurchasel17m60o658.049 WILp000036409r2025-07-15 00:00:00s2019-12-23w2014-09-28yBB 00102ddc40708BaccahaMAINbMAINc1STd2016-12-01ePurchaseg352.00h25140l7m7o658.049 WILp000040184r2026-01-15 00:00:00s2025-12-15v440.00w2016-12-01yBB 00102ddc40708unknownaMAINbMAINc1STd2021-01-21eExchangel1m2o658.049 WILp000050175r2026-01-05 00:00:00s2025-12-15w2021-01-21yBB